[Event "Mittelrhein Verbandsliga-N 17/18"]
[Site "Nordrheinwestfalen"]
[Date "2017.10.22"]
[Round "3.5"]
[White "Prinz, Rene"]
[Black "Gerdell, Frank"]
[Result "1/2-1/2"]
[WhiteElo "1824"]
[BlackElo "2025"]
[PlyCount "87"]
[EventDate "2017.09.10"]
[EventType "team-swiss"]
[EventRounds "11"]
[EventCountry "GER"]
[SourceTitle "EXT 2022"]
[Source "ChessBase"]
[SourceDate "2021.10.06"]
[SourceVersion "1"]
[SourceVersionDate "2021.10.06"]
[SourceQuality "1"]
[WhiteTeam "Eikamp Freibauer"]
[BlackTeam "Gruenfeld"]
[WhiteTeamCountry "GER"]
[BlackTeamCountry "GER"]

1. c4 g6 2. d4 Nf6 3. Nc3 Bg7 4. e4 d6 5. Bd3 e5 6. d5 0-0 7. Nge2 c6 8. 0-0 Qc7 9. Kh1 Nbd7 10. Ng3 h6 11. f4 exf4 12. Bxf4 Re8 13. Qd2 Kh7 14. Rae1 Ne5 15. b3 Re7 16. h3 Bd7 17. Rf2 Be8 18. Bc2 c5 19. Ref1 Qd8 20. Nd1 a6 21. Nb2 b5 22. Nd3 Nfd7 23. Nxe5 Nxe5 24. Bxe5 Rxe5 25. Bd1 Qh4 26. Qd3 Rg5 27. Ne2 Be5 28. Ng1 Rg3 29. Rf3 Ra7 30. Rxg3 Qxg3 31. Qxg3 Bxg3 32. Rf3 Be5 33. g4 Kg8 34. Kg2 b4 35. Ne2 a5 36. Rd3 a4 37. Kf3 axb3 38. Bxb3 Bd7 39. Rd1 Ra3 40. Rb1 Ba4 41. Nc1 f6 42. Kg2 Bd7 43. Nd3 Bd4 44. Kf3 1/2-1/2

[Event "Mittelrhein Verbandsliga-M 15/16"]
[Site "Nordrheinwestfalen"]
[Date "2016.02.21"]
[Round "8.6"]
[White "Gadjisade, Machmud"]
[Black "Prinz, Rene"]
[Result "0-1"]
[WhiteElo "1826"]
[BlackElo "1852"]
[PlyCount "66"]
[EventDate "2015.09.06"]
[EventType "team-tourn"]
[EventRounds "11"]
[EventCountry "GER"]
[SourceTitle "EXT 2022"]
[Source "ChessBase"]
[SourceDate "2021.10.06"]
[SourceVersion "1"]
[SourceVersionDate "2021.10.06"]
[SourceQuality "1"]
[WhiteTeam "Gruenfeld"]
[BlackTeam "Eikamp Freibauer"]
[WhiteTeamCountry "GER"]
[BlackTeamCountry "GER"]

1. c4 e6 2. Nf3 c5 3. e3 b6 4. d4 Bb7 5. d5 Nf6 6. Nc3 d6 7. e4 Nbd7 8. dxe6 fxe6 9. Ng5 Qe7 10. Nb5 Ne5 11. Nxe6 Rc8 12. Nbc7+ Rxc7 13. Nxc7+ Qxc7 14. f3 Be7 15. b3 0-0 16. Qc2 Nc6 17. Bb2 Nd7 18. Be2 Bg5 19. Qd3 Nb4 20. Qd1 Be3 21. a3 Nc6 22. Qd3 Bd4 23. 0-0-0 a6 24. Rhf1 Bxb2+ 25. Kxb2 Nd4 26. Qe3 b5 27. Bd3 Ne5 28. f4 Nxd3+ 29. Qxd3 Kh8 30. f5 bxc4 31. bxc4 Qe7 32. Rf4 Qe5 33. Rh4 Nxf5+ 0-1

[Event "Mittelrhein Verbandsliga-O 1112"]
[Site "Germany"]
[Date "2011.11.13"]
[Round "3"]
[White "Hack, Thomas1111"]
[Black "Prinz, Rene"]
[Result "1-0"]
[WhiteElo "1934"]
[BlackElo "1963"]
[PlyCount "69"]
[EventDate "2011.09.18"]
[EventType "team-tourn"]
[EventRounds "11"]
[EventCountry "GER"]
[SourceTitle "EXT 2013"]
[Source "ChessBase"]
[SourceDate "2012.11.22"]
[SourceVersion "1"]
[SourceVersionDate "2012.11.22"]
[SourceQuality "1"]
[WhiteTeam "Euskirchen Turm"]
[BlackTeam "Freibauer Eikamp"]
[WhiteTeamCountry "GER"]
[BlackTeamCountry "GER"]

1. d4 d5 2. Nf3 e6 3. Bg5 f6 4. Bh4 Bd6 5. e3 Ne7 6. Bg3 g5 7. c4 c6 8. Nc3 h5 9. Bd3 g4 10. Nd2 f5 11. Qc2 h4 12. Bxd6 Qxd6 13. 0-0-0 a6 14. f3 Rg8 15. e4 dxe4 16. fxe4 f4 17. Ne2 e5 18. c5 Qf6 19. Rhf1 Rf8 20. Nc4 Qg5 21. Kb1 Nd7 22. Nd6+ Kd8 23. Qb3 Kc7 24. Nc4 Ng6 25. d5 Qf6 26. Qa3 Kd8 27. Nc3 Ne7 28. Qa5+ Ke8 29. Nd6+ Qxd6 30. cxd6 Ng6 31. dxc6 bxc6 32. Na4 Bb7 33. Nc5 Nxc5 34. Qxc5 Rf7 35. Be2 1-0

[Event "Mittelrhein Verbandsliga-O 1112"]
[Site "Germany"]
[Date "2011.10.09"]
[Round "2"]
[White "Prinz, Rene"]
[Black "Schild, Willi"]
[Result "1-0"]
[WhiteElo "1963"]
[BlackElo "1901"]
[PlyCount "83"]
[EventDate "2011.09.18"]
[EventType "team-tourn"]
[EventRounds "11"]
[EventCountry "GER"]
[SourceTitle "EXT 2013"]
[Source "ChessBase"]
[SourceDate "2012.11.22"]
[SourceVersion "1"]
[SourceVersionDate "2012.11.22"]
[SourceQuality "1"]
[WhiteTeam "Freibauer Eikamp"]
[BlackTeam "Siebengebirge"]
[WhiteTeamCountry "GER"]
[BlackTeamCountry "GER"]

1. c4 e6 2. Nc3 d5 3. e3 Nf6 4. Nf3 Be7 5. d4 0-0 6. Bd3 dxc4 7. Bxc4 c5 8. 0-0 a6 9. a4 Nc6 10. b3 Nb4 11. Bb2 cxd4 12. exd4 b6 13. Qe2 Bb7 14. Ne5 Nbd5 15. f3 Bb4 16. Nxd5 Nxd5 17. Rac1 Qe7 18. Rc2 Rfd8 19. Rfc1 Bd6 20. Bxd5 Bxd5 21. Nc6 Bxc6 22. Rxc6 Qb7 23. Qe4 Qb8 24. h3 b5 25. a5 Bb4 26. d5 Bd2 27. Qd4 Qa7 28. Rb6 Bh6 29. d6 Rd7 30. Rcc6 Rad8 31. Kf1 f6 32. Qe4 Kf7 33. Bd4 e5 34. Bc5 g6 35. Rxb5 Qa8 36. Rbb6 Bg7 37. Rxa6 Qb7 38. Qc4+ Kf8 39. Rc7 Qb8 40. Rb6 Qa8 41. b4 f5 42. Qe6 1-0

[Event "Bergisch Gladbach-ch 26th"]
[Site "Bergisch Gladbach"]
[Date "2004.09.17"]
[Round "3"]
[White "Bigott, Martin"]
[Black "Prinz, Rene"]
[Result "1-0"]
[WhiteElo "1928"]
[BlackElo "1786"]
[PlyCount "83"]
[EventDate "2004.09.??"]
[EventType "swiss"]
[EventRounds "7"]
[EventCountry "GER"]
[SourceTitle "EXT 2005"]
[Source "ChessBase"]
[SourceDate "2004.11.15"]
[SourceVersion "1"]
[SourceVersionDate "2004.11.15"]
[SourceQuality "1"]

1. Nf3 d5 2. d4 Nf6 3. c4 c6 4. Qc2 e6 5. Bg5 Bd6 6. Nbd2 Nbd7 7. cxd5 cxd5 8. e3 Qb6 9. Bd3 h6 10. Bh4 Qc6 11. Rc1 Qxc2 12. Rxc2 0-0 13. Bg3 Bb4 14. a3 Be7 15. h3 Re8 16. 0-0 Nh7 17. Rfc1 a6 18. Rc7 b5 19. R7c6 Nhf8 20. Bc7 Bb7 21. R6c2 Rac8 22. Nb3 Ra8 23. Na5 Bc8 24. e4 b4 25. Nc6 bxa3 26. Nxe7+ Rxe7 27. bxa3 Bb7 28. e5 Ree8 29. Nd2 f6 30. f4 g5 31. g3 Kg7 32. Nb3 Ng6 33. exf6+ Kf7 34. Na5 Bc8 35. Nc6 Nxf6 36. Ne5+ Nxe5 37. Bxe5 Nh5 38. Rc7+ Kf8 39. Bg6 Nxg3 40. Rf7+ Kg8 41. Rcc7 Nf5 42. Rh7 1-0

[Event "Bergisch Gladbach-ch 26th"]
[Site "Bergisch Gladbach"]
[Date "2004.09.10"]
[Round "2"]
[White "Prinz, Rene"]
[Black "Salbert, Heinrich"]
[Result "1/2-1/2"]
[WhiteElo "1786"]
[BlackElo "1917"]
[PlyCount "29"]
[EventDate "2004.09.??"]
[EventType "swiss"]
[EventRounds "7"]
[EventCountry "GER"]
[SourceTitle "EXT 2005"]
[Source "ChessBase"]
[SourceDate "2004.11.15"]
[SourceVersion "1"]
[SourceVersionDate "2004.11.15"]
[SourceQuality "1"]

1. d4 Nf6 2. Nf3 g6 3. Bf4 Bg7 4. c3 d6 5. e3 Nh5 6. Bg5 Nd7 7. Nbd2 c5 8. Bd3 a6 9. a4 b6 10. Be4 Rb8 11. Qe2 Qc7 12. Bd3 Ra8 13. e4 Bb7 14. Bc4 e6 15. h3 1/2-1/2

[Event "Bergisch Gladbach-ch 22nd"]
[Site "Bergisch Gladbach"]
[Date "2000.09.01"]
[Round "4"]
[White "Prinz, Rene"]
[Black "Ordonez, Maria"]
[Result "1-0"]
[WhiteElo "1718"]
[BlackElo "1424"]
[PlyCount "63"]
[EventDate "2000.08.??"]
[EventType "swiss"]
[EventRounds "7"]
[EventCountry "GER"]
[SourceTitle "EXT 2005"]
[Source "ChessBase"]
[SourceDate "2004.11.15"]
[SourceVersion "1"]
[SourceVersionDate "2004.11.15"]
[SourceQuality "1"]

1. d4 d5 2. Nf3 c6 3. Bf4 Nf6 4. c3 Bf5 5. e3 e6 6. Bd3 Bxd3 7. Qxd3 h6 8. Nbd2 Be7 9. e4 dxe4 10. Nxe4 0-0 11. 0-0 Nbd7 12. Nxf6+ Nxf6 13. Rad1 Qb6 14. Qc2 Rad8 15. Rd2 Nd5 16. Be3 Qc7 17. c4 Nxe3 18. fxe3 Bf6 19. Rfd1 Rd7 20. e4 Rfd8 21. e5 Be7 22. Qe4 Qb6 23. Kh1 Qb4 24. b3 Qb6 25. Ng1 Bg5 26. Rd3 Qc7 27. Ne2 Qc8 28. Nc3 Re7 29. h4 f5 30. Qe1 Bf4 31. Qf2 g5 32. g3 1-0